Predpoklady úspešného dodania služby prostredníctvom projektu diplomová práca

Gespeichert in:
Bibliographische Detailangaben
1. Verfasser: Vojteková, Nikola
Körperschaft: Fakulta podnikového manažmentu EU. Katedra manažmentu výroby a logistiky - zrušená
Weitere Verfasser: Boorová, Brigita, 1979-
Format: Buch
Sprache:Slowakisch
Veröffentlicht: Bratislava 2017
Tags: Tag hinzufügen
Keine Tags, Fügen Sie das erste Tag hinzu!

MARC

LEADER 00000nbm a2200000 4500
001 0232240
005 20171108144245.4
041 0 |a slo 
044 |a SK 
245 1 0 |a Predpoklady úspešného dodania služby prostredníctvom projektu  |b diplomová práca  |c Nikola Vojteková ; školiteľ: Brigita Boorová 
264 1 |a Bratislava  |c 2017 
300 |a 82 s. 
100 1 |a Vojteková, Nikola 
700 1 |a Boorová, Brigita, 1979- 
710 2 |a Fakulta podnikového manažmentu EU. Katedra manažmentu výroby a logistiky - zrušená